Man Utd, Man City, Liverpool, Arsenal or Chelsea players (2000-) - Statistics

General Stats
  • This quiz has been taken 50 times
    41 since last reset
  • The average score is 354 of 1065
Answer Stats
Ranking Player Positions Nationality Matches Goals (assists) Periods Clubs % Correct
54 Cristiano Ronaldo ST 301 126 (53) 2003-2009, 2021-2023
100%
20 Mohamed Salah RW 385 235 (110) 2013-2015, 2017-2025
100%
37 Roberto Firmino ST 326 105 (68) 2015-2023
100%
28 Bernardo Silva AM 344 57 (58) 2017-2025
96%
6 David de Gea GK 497 0 (2) 2011-2023
96%
21 David Silva AM 376 70 (117) 2010-2020
96%
505 Demba Ba ST 39 9 (1) 2012-2014
96%
36 Didier Drogba ST 328 140 (71) 2004-2012, 2014-2015
96%
69 Fernando Torres ST 276 113 (41) 2007-2014
96%
530 Ferran Torres ST 35 13 (3) 2020-2022
96%
109 Gilberto Silva DM 214 21 (14) 2002-2008
96%
933 Harvey Vale AM 2 0 (0) 2024-2025
96%
557 ST 30 5 (4) 2008-2009, 2010-2011
96%
23 Marcus Rashford LW 362 113 (64) 2015-2025
96%
4 Petr Cech GK 565 0 (2) 2004-2019
96%
7 Raheem Sterling RW 493 150 (98) 2011-2025
96%
8 Ryan Giggs LM 492 72 (145) 2000-2014
96%
87 Sadio Mané LW 251 114 (42) 2016-2022
96%
29 Sergio Agüero ST 343 224 (57) 2011-2021
96%
205 Thiago Silva CB 138 8 (5) 2020-2024
96%
10 Wayne Rooney ST 488 218 (126) 2004-2017
96%
267 Alex CB 110 9 (3) 2007-2012
93%
145 Alexis Sánchez ST 183 73 (42) 2014-2019
93%
383 Andy Cole ST 66 27 (11) 2000-2002, 2005-2006
93%
59 Antonio Valencia RB 297 23 (52) 2009-2019
93%
9 Ashley Cole LB 491 16 (46) 2000-2014
93%
577 Carlton Cole ST 27 4 (2) 2001-2003, 2005-2006
93%
12 Cesc Fàbregas CM 433 67 (139) 2004-2011, 2014-2019
93%
27 Ederson GK 352 0 (8) 2017-2025
93%
2 Frank Lampard CM 579 178 (128) 2001-2015
93%
58 İlkay Gündoğan CM 298 57 (34) 2016-2023, 2024-2025
93%
11 James Milner CM 469 38 (71) 2010-2023
93%
5 Jamie Carragher CB 539 1 (14) 2000-2013
93%
73 Joe Cole AM 271 38 (40) 2003-2011, 2012-2013
93%
1 John Terry CB 606 54 (22) 2000-2017
93%
22 Kevin De Bruyne AM 363 88 (149) 2013-2014, 2015-2025
93%
14 Paul Scholes CM 431 81 (48) 2000-2013
93%
451 Robert Sánchez GK 49 0 (0) 2023-2025
93%
32 Robin van Persie ST 337 169 (66) 2004-2015
93%
3 Steven Gerrard CM 573 150 (125) 2000-2015
93%
44 Vincent Kompany CB 319 19 (8) 2008-2019
93%
65 Alisson GK 283 1 (3) 2018-2025
89%
110 Harry Maguire CB 212 11 (6) 2019-2025
89%
25 Juan Mata AM 357 64 (78) 2011-2022
89%
958 Lee Martin AM 1 0 (0) 2008-2009
89%
80 Nemanja Vidic‎ CB 263 18 (3) 2005-2014
89%
18 Rio Ferdinand CB 400 8 (6) 2002-2014
89%
55 Thierry Henry ST 300 192 (81) 2000-2007, 2011-2012
89%
89 Victor Lindelöf CB 243 4 (6) 2017-2025
89%
45 Aaron Ramsey CM 318 54 (54) 2008-2019
86%
84 Bruno Fernandes AM 253 84 (74) 2019-2025
86%
92 Bukayo Saka RW 238 68 (66) 2018-2025
86%
15 César Azpilicueta CB 429 14 (40) 2012-2023
86%
645 Dean Henderson GK 19 0 (0) 2020-2022
86%
57 Eden Hazard LW 298 96 (72) 2012-2019
86%
31 Fernandinho DM 337 23 (27) 2013-2022
86%
63 Gabriel Jesus ST 286 100 (55) 2016-2025
86%
454 Gelson Fernandes DM 48 3 (0) 2007-2009
86%
74 Granit Xhaka DM 268 21 (27) 2016-2023
86%
16 Jordan Henderson DM 428 32 (50) 2011-2023
86%
88 Luke Shaw LB 247 3 (24) 2014-2025
86%
141 Martin Ødegaard AM 185 40 (35) 2020-2025
86%
46 Olivier Giroud ST 316 122 (39) 2012-2021
86%
30 Patrice Evra LB 340 9 (25) 2005-2014
86%
40 Trent Alexander-Arnold RB 324 20 (82) 2016-2025
86%
61 Virgil van Dijk CB 291 24 (12) 2017-2025
86%
68 Yaya Touré CM 277 68 (39) 2010-2018
86%
509 Alf-Inge Haaland RB 38 3 (2) 2000-2002
82%
1033 Alioune Touré RW 1 0 (0) 2001-2002
82%
75 Anthony Martial ST 268 76 (40) 2015-2024
82%
95 Ashley Young RB 234 18 (29) 2011-2020
82%
38 Branislav Ivanovic RB 325 30 (27) 2008-2017
82%
115 Carlos Tevez ST 209 83 (38) 2007-2013
82%
201 Emre Can DM 141 12 (8) 2014-2018
82%
233 Erling Haaland ST 126 111 (19) 2022-2025
82%
129 Fabinho DM 198 9 (11) 2018-2023
82%
134 Gabriel Magalhães CB 192 19 (5) 2020-2025
82%
126 Gabriel Martinelli LW 200 47 (26) 2019-2025
82%
83 Jorginho DM 257 29 (11) 2018-2025
82%
13 Kolo Touré CB 432 14 (11) 2002-2016
82%
947 Michael Keane CB 1 0 (0) 2014-2015
82%
98 N'Golo Kanté DM 231 11 (15) 2016-2023
82%
26 Pepe Reina GK 353 0 (4) 2005-2013
82%
85 Phil Foden RW 253 79 (41) 2017-2025
82%
137 Riyad Mahrez RW 191 59 (51) 2018-2023
82%
600 Robbie Keane ST 24 7 (5) 2008-2009
82%
155 Roy Keane CM 179 11 (20) 2000-2006
82%
132 Ruud van Nistelrooy ST 193 130 (22) 2001-2006
82%
33 Theo Walcott RW 334 83 (56) 2006-2018
82%
891 Will Keane ST 2 0 (0) 2011-2012, 2015-2016
82%
47 Andrew Robertson LB 314 11 (64) 2017-2025
79%
686 Brad Jones GK 15 0 (0) 2010-2013, 2014-2015
79%
631 Ched Evans ST 21 1 (1) 2008-2009
79%
197 Curtis Jones CM 144 11 (18) 2019-2025
79%
90 Daniel Sturridge ST 243 76 (26) 2006-2019
79%
125 Dennis Bergkamp CF 200 35 (51) 2000-2006
79%
82 Dirk Kuyt RW 258 62 (38) 2006-2012
79%
91 Edwin van der Sar GK 240 0 (2) 2005-2011
79%
56 Gary Neville RB 298 5 (23) 2000-2011
79%
1007 Henning Berg RB 1 0 (0) 2000-2001
79%
43 Joe Hart GK 321 0 (0) 2006-2009, 2010-2016
79%
100 John Stones CB 229 16 (6) 2016-2025
79%
130 Jonny Evans CB 196 6 (6) 2007-2015, 2023-2025
79%
124 Kai Havertz ST 200 52 (26) 2020-2025
79%
79 Kyle Walker RB 266 4 (19) 2017-2025
79%
99 Mesut Özil AM 231 42 (69) 2013-2020
79%
19 Michael Carrick DM 400 21 (27) 2006-2018
79%
70 Nicolas Anelka ST 275 94 (34) 2001-2005, 2007-2012
79%
66 Pablo Zabaleta RB 281 10 (22) 2008-2017
79%
968 Patrick Roberts RW 1 0 (0) 2015-2016
79%
918 Paul Jones GK 2 0 (0) 2003-2004
79%
123 Phil Jones CB 200 4 (8) 2011-2020, 2021-2022
79%
169 Phil Neville RB 165 5 (6) 2000-2005
79%
86 Robert Pirès LM 252 73 (52) 2000-2006
79%
76 Samir Nasri AM 268 44 (49) 2008-2017
79%
949 Abdisalam Ibrahim CM 1 0 (0) 2009-2010
75%
39 Bacary Sagna RB 324 4 (25) 2007-2017
75%
279 Casemiro DM 104 10 (9) 2022-2025
75%
384 Daniel James RW 65 9 (8) 2019-2022
75%
64 Darren Fletcher CM 285 21 (26) 2002-2015
75%
305 David James GK 93 0 (0) 2003-2006
75%
77 David Luiz CB 267 21 (9) 2010-2014, 2016-2021
75%
156 Diogo Dalot RB 178 7 (12) 2018-2020, 2021-2025
75%
176 Emmanuel Adebayor ST 163 73 (21) 2005-2011
75%
105 Georginio Wijnaldum CM 220 21 (14) 2016-2021
75%
50 Laurent Koscielny CB 312 24 (2) 2010-2019
75%
191 Marouane Fellaini CM 150 15 (8) 2013-2019
75%
81 Mateo Kovacic CM 259 14 (17) 2018-2025
75%
107 Michael Essien DM 217 23 (18) 2005-2012, 2013-2014
75%
128 Nani LW 199 30 (60) 2007-2015
75%
53 Nemanja Matic DM 301 8 (26) 2009-2010, 2013-2022
75%
116 Paul Pogba CM 207 36 (47) 2011-2012, 2016-2022
75%
162 Pierre-Emerick Aubameyang ST 175 85 (21) 2017-2023
75%
174 Reece James RB 164 12 (19) 2019-2025
75%
102 Rodri DM 224 25 (25) 2019-2025
75%
238 Romelu Lukaku ST 125 45 (11) 2011-2012, 2013-2014, 2017-2019, 2021-2022
75%
41 Willian LW 324 51 (57) 2013-2021
75%
468 Zlatan Ibrahimović ST 45 22 (9) 2016-2018
75%
323 Adam Johnson RW 85 13 (16) 2009-2012
71%
311 André Onana GK 91 0 (0) 2023-2025
71%
78 Chris Smalling CB 266 14 (2) 2010-2019
71%
869 Chu-young Park ST 3 0 (0) 2011-2012
71%
103 Danny Welbeck ST 221 48 (21) 2008-2010, 2011-2019
71%
212 Dimitar Berbatov ST 134 53 (24) 2008-2012
71%
179 Edin Džeko ST 161 56 (18) 2010-2015
71%
149 Fred CM 181 11 (15) 2018-2023
71%
97 Freddie Ljungberg RM 232 51 (33) 2000-2007
71%
93 Gary Cahill CB 237 17 (5) 2011-2019
71%
94 Glen Johnson RB 236 11 (16) 2003-2006, 2007-2008, 2009-2015
71%
973 Izzy Brown LW 1 0 (0) 2014-2015
71%
373 Jérémy Doku LW 69 7 (18) 2023-2025
71%
163 Ji-sung Park AM 174 23 (23) 2005-2012
71%
52 John Arne Riise LB 301 24 (28) 2001-2008
71%
35 John O'Shea CB 328 12 (19) 2001-2011
71%
887 Leon Mike ST 2 0 (0) 2001-2002
71%
151 Marcos Alonso LB 180 27 (19) 2016-2022
71%
67 Martin Skrtel CB 279 16 (5) 2007-2016
71%
453 Michael Ball LB 49 0 (1) 2006-2009
71%
520 Michael Johnson DM 37 2 (6) 2006-2010
71%
161 Nicolás Otamendi CB 175 9 (2) 2015-2020
71%
154 Ole Gunnar Solskjær ST 179 55 (36) 2000-2004, 2005-2007
71%
140 Oleksandr Zinchenko LB 185 3 (16) 2017-2025
71%
1032 Owen Beck LB 1 0 (0) 2023-2024
71%
135 Per Mertesacker CB 192 6 (3) 2011-2018
71%
138 Rúben Dias CB 191 4 (5) 2020-2025
71%
24 Sami Hyypiä CB 358 26 (11) 2000-2009
71%
71 Wes Brown CB 275 4 (11) 2000-2011
71%
147 Xabi Alonso DM 182 16 (18) 2004-2009
71%
172 Aaron Wan-Bissaka RB 165 2 (12) 2019-2024
68%
356 Alan Smith CM 74 8 (8) 2004-2007
68%
246 Alejandro Garnacho LW 120 19 (14) 2021-2025
68%
143 Alexandre Lacazette ST 185 67 (31) 2017-2022
68%
198 Anderson CM 143 8 (9) 2007-2015
68%
390 Andriy Shevchenko ST 63 13 (9) 2006-2008, 2009-2010
68%
398 Benjamin Mendy LB 60 2 (10) 2017-2022
68%
788 Brad Smith LB 6 0 (0) 2013-2014, 2015-2016
68%
232 David Beckham CM 126 33 (40) 2000-2003
68%
787 Denis Suárez AM 6 0 (0) 2018-2019
68%
181 Diogo Jota ST 158 55 (25) 2020-2025
68%
295 Edouard Mendy GK 97 0 (0) 2020-2023
68%
17 Gaël Clichy LB 401 3 (21) 2003-2017
68%
108 Héctor Bellerín RB 216 9 (25) 2014-2021
68%
144 Jens Lehmann GK 183 0 (1) 2003-2008, 2010-2011
68%
1010 Jimmy Smith CM 1 0 (0) 2005-2006
68%
265 Leroy Sané RW 111 31 (38) 2016-2020
68%
254 Luis Suárez ST 116 72 (25) 2010-2014
68%
207 Michael Ballack CM 138 21 (14) 2006-2010
68%
127 Michael Owen ST 199 94 (24) 2000-2004, 2009-2012
68%
159 Philippe Coutinho AM 176 48 (40) 2012-2018
68%
182 Santi Cazorla CM 157 25 (40) 2012-2017
68%
104 Scott McTominay CM 220 22 (6) 2016-2025
68%
114 Tomas Rosicky AM 209 22 (17) 2006-2008, 2009-2015
68%
118 Aleksandar Kolarov LB 206 15 (24) 2010-2017
64%
347 Antony RW 79 7 (3) 2022-2025
64%
257 Bernd Leno GK 116 0 (0) 2018-2022
64%
764 Brahim Díaz RW 8 0 (0) 2017-2018
64%
282 Cole Palmer AM 103 38 (24) 2020-2025
64%
425 Edinson Cavani ST 54 18 (7) 2020-2022
64%
670 Fábio Carvalho AM 17 2 (0) 2022-2023
64%
475 Fábio Vieira AM 44 3 (7) 2022-2024
64%
923 Fraizer Campbell ST 2 0 (0) 2007-2009
64%
1063 Jacob Wright DM 1 0 (0) 2023-2024
64%
260 Jadon Sancho LW 114 16 (16) 2021-2025
64%
175 Jerzy Dudek GK 163 0 (1) 2001-2007
64%
548 Joel Campbell RW 31 3 (5) 2014-2016
64%
49 John Obi Mikel DM 312 3 (11) 2006-2016
64%
253 Leandro Trossard LW 116 27 (23) 2022-2025
64%
226 Luis Díaz LW 129 38 (22) 2021-2025
64%
120 Mason Mount AM 205 34 (32) 2019-2025
64%
510 Matthijs de Ligt CB 38 2 (0) 2024-2025
64%
230 Nathan Aké CB 126 7 (4) 2012-2015, 2016-2017, 2020-2025
64%
96 Patrick Vieira DM 234 24 (25) 2000-2005, 2009-2011
64%
148 Ricardo Carvalho CB 182 9 (6) 2004-2010
64%
676 Richard Wright GK 16 0 (0) 2001-2002
64%
121 Salomon Kalou LW 205 43 (24) 2006-2012
64%
139 Sol Campbell CB 187 10 (5) 2001-2006, 2009-2010
64%
677 Stephen Wright RB 16 1 (0) 2000-2002
64%
200 Thibaut Courtois GK 142 0 (1) 2014-2018
64%
183 Thomas Partey DM 157 9 (7) 2020-2025
64%
964 Tommy Wright GK 1 0 (0) 2000-2001
64%
237 William Saliba CB 125 7 (2) 2022-2025
64%
834 Aleix García CM 4 0 (0) 2016-2017
61%
164 Alex Song DM 173 9 (20) 2005-2012
61%
240 Andrey Arshavin LW 123 27 (33) 2008-2013
61%
611 Antonio Núñez RW 23 0 (1) 2004-2005
61%
173 Antonio Rüdiger CB 165 10 (6) 2017-2022
61%
190 Ben White RB 150 6 (12) 2021-2025
61%
239 Christian Pulisic RW 124 25 (17) 2019-2023
61%
241 Darwin Núñez ST 122 35 (18) 2022-2025
61%
296 Declan Rice CM 96 15 (19) 2023-2025
61%
280 Diego Costa ST 104 54 (20) 2014-2017
61%
461 Dwight Yorke ST 46 11 (7) 2000-2002
61%
106 Eidur Gudjohnsen ST 218 61 (36) 2000-2006
61%
599 Emiliano Martínez GK 24 0 (0) 2014-2015, 2016-2017, 2018-2020
61%
607 Eric García CB 24 0 (0) 2019-2021
61%
221 Javier Mascherano DM 130 2 (6) 2006-2011
61%
392 Javi García DM 62 2 (0) 2012-2014
61%
136 Jesse Lingard AM 191 24 (17) 2014-2020, 2021-2022
61%
122 Joe Gomez CB 201 0 (10) 2015-2016, 2017-2025
61%
343 Josko Gvardiol LB 81 10 (5) 2023-2025
61%
401 Kobbie Mainoo CM 60 5 (2) 2022-2025
61%
349 Lisandro Martínez CB 77 3 (3) 2022-2025
61%
278 Louis Saha ST 105 32 (10) 2003-2008
61%
285 Luis García RW 101 28 (13) 2004-2007
61%
978 Manu García AM 1 0 (0) 2015-2016
61%
292 Marc Cucurella LB 98 7 (8) 2022-2025
61%
314 Mario Balotelli ST 90 29 (4) 2010-2013, 2014-2015
61%
217 Mikel Arteta CM 133 15 (7) 2011-2016
61%
168 Pedro RW 167 35 (21) 2015-2020
61%
333 Rasmus Højlund ST 83 25 (6) 2023-2025
61%
826 Rigobert Song CB 4 0 (0) 2000-2001
61%
559 Samuel Eto'o ST 30 12 (4) 2013-2014
61%
572 Sergio Gómez LW 28 0 (2) 2022-2024
61%
210 Shkodran Mustafi CB 135 9 (4) 2016-2021
61%
62 Alex Oxlade-Chamberlain CM 286 29 (31) 2011-2023
57%
185 Ander Herrera CM 155 13 (18) 2014-2019
57%
186 Aymeric Laporte CB 154 10 (4) 2017-2024
57%
571 Charlie Adam CM 28 2 (6) 2011-2012
57%
300 Christian Eriksen CM 94 5 (18) 2022-2025
57%
133 Claude Makélélé DM 193 2 (6) 2003-2008
57%
270 Cody Gakpo LW 109 32 (16) 2022-2025
57%
117 Daniel Agger CB 206 11 (9) 2005-2014
57%
331 Diego Forlán ST 83 13 (7) 2001-2005
57%
310 Enzo Fernández CM 92 11 (18) 2022-2025
57%
289 Eric Bailly CB 99 1 (1) 2016-2022
57%
193 Gareth Barry DM 149 6 (15) 2009-2013
57%
251 Gianfranco Zola CF 117 27 (15) 2000-2003
57%
227 Jack Grealish LW 128 14 (16) 2021-2025
57%
180 Jack Wilshere CM 160 12 (22) 2008-2011, 2012-2018
57%
750 Kasper Schmeichel GK 9 0 (0) 2007-2009
57%
167 Oscar AM 170 30 (26) 2012-2017
57%
564 Peter Schmeichel GK 29 0 (0) 2002-2003
57%
334 Raphaël Varane CB 82 2 (1) 2021-2024
57%
157 Simon Mignolet GK 178 0 (0) 2013-2018
57%
42 William Gallas CB 321 26 (7) 2001-2010
57%
261 Aleksandr Hleb AM 114 9 (17) 2005-2008
54%
404 Álvaro Morata ST 58 19 (6) 2017-2019
54%
214 Andreas Christensen CB 133 1 (1) 2014-2015, 2017-2022
54%
321 Arjen Robben RW 86 17 (18) 2004-2007
54%
575 Bastian Schweinsteiger CM 27 1 (0) 2015-2017
54%
309 David Raya GK 92 0 (0) 2023-2025
54%
249 David Seaman GK 118 0 (0) 2000-2004
54%
171 Dejan Lovren CB 165 7 (4) 2014-2020
54%
196 Divock Origi ST 144 28 (13) 2015-2022
54%
399 Emmanuel Petit DM 60 2 (6) 2001-2004
54%
546 Felipe Caicedo ST 32 7 (0) 2007-2009
54%
269 Henrikh Mkhitaryan CM 110 21 (20) 2016-2020
54%
275 Ibrahima Konaté CB 107 4 (2) 2021-2025
54%
187 Jesús Navas RB 153 4 (26) 2013-2017
54%
220 João Cancelo RB 130 8 (20) 2019-2023
54%
150 Joel Matip CB 181 10 (6) 2016-2024
54%
568 Leny Yoro CB 29 1 (1) 2024-2025
54%
264 Manuel Akanji CB 112 5 (2) 2022-2025
54%
266 Mason Greenwood RW 111 30 (9) 2018-2022
54%
48 Mikaël Silvestre LB 313 11 (24) 2000-2010
54%
350 Moisés Caicedo DM 77 3 (8) 2023-2025
54%
112 Ramires CM 212 24 (15) 2010-2016
54%
353 Rico Lewis RB 76 4 (6) 2022-2025
54%
440 Robinho LW 51 15 (12) 2008-2010
54%
452 Shinji Kagawa AM 49 6 (8) 2012-2014
54%
319 Thiago Alcántara CM 87 3 (4) 2020-2024
54%
421 Tim Howard GK 55 0 (1) 2003-2006
54%
242 Victor Moses RW 122 13 (8) 2012-2014, 2016-2019
54%
184 Wojciech Szczesny GK 155 0 (0) 2010-2015
54%
423 Xherdan Shaqiri AM 55 7 (7) 2018-2021
54%
433 Adnan Januzaj RW 52 5 (3) 2013-2016
50%
579 Ángel Di María RW 27 3 (10) 2014-2015
50%
542 Bradley Wright-Phillips ST 33 1 (0) 2004-2006
50%
391 Djibril Cissé ST 63 16 (2) 2004-2006
50%
152 Emmanuel Eboué RB 180 7 (19) 2004-2011
50%
225 Fabien Barthez GK 129 0 (0) 2000-2003
50%
131 Florent Malouda LW 196 38 (33) 2007-2012
50%
755 Henrik Larsson ST 9 2 (0) 2006-2007
50%
623 Jaap Stam CB 22 0 (0) 2000-2002
50%
322 Juan Sebastián Verón CM 85 12 (15) 2001-2004
50%
329 Julián Alvarez ST 84 28 (15) 2022-2024
50%
616 Kalvin Phillips DM 23 1 (0) 2022-2024
50%
204 Kepa Arrizabalaga GK 139 0 (0) 2018-2023
50%
228 Kieran Tierney LB 128 6 (12) 2019-2023, 2024-2025
50%
60 Lucas Leiva DM 297 4 (19) 2007-2017
50%
363 Lukas Podolski ST 72 27 (13) 2012-2015
50%
202 Manuel Almunia GK 141 0 (1) 2004-2011
50%
291 Marcos Rojo CB 99 1 (2) 2014-2020
50%
355 Matteo Darmian RB 75 1 (0) 2015-2019
50%
218 Mohamed Elneny DM 131 5 (9) 2015-2019, 2020-2024
50%
403 Mykhaylo Mudryk LW 59 8 (9) 2022-2025
50%
604 Nat Phillips CB 24 1 (1) 2020-2023
50%
209 Nicklas Bendtner ST 136 32 (14) 2007-2012, 2013-2014
50%
236 Nicky Butt DM 125 7 (3) 2000-2004
50%
290 Nicolas Pépé RW 99 24 (15) 2019-2022
50%
268 Peter Crouch ST 110 31 (19) 2005-2008
50%
206 Rafael RB 138 5 (12) 2008-2015
50%
166 Robbie Fowler ST 171 43 (14) 2000-2007
50%
348 Ryan Gravenberch DM 77 3 (5) 2023-2025
50%
287 Sead Kolasinac CB 100 4 (14) 2017-2022
50%
836 Sebastian Larsson CM 4 0 (0) 2005-2006
50%
34 Shaun Wright-Phillips RW 332 44 (37) 2000-2011
50%
547 Stefan Ortega GK 32 0 (0) 2022-2025
50%
195 Sylvain Wiltord CF 145 34 (25) 2000-2004
50%
473 Tony Adams CB 44 1 (2) 2000-2002
50%
188 Adam Lallana AM 152 21 (18) 2014-2020
46%
250 Daley Blind CB 117 5 (7) 2014-2018
46%
273 Damien Duff RM 107 17 (25) 2003-2006
46%
444 Deco AM 51 5 (5) 2008-2010
46%
72 Dietmar Hamann DM 274 9 (24) 2000-2009
46%
325 Dominik Szoboszlai AM 85 12 (12) 2023-2025
46%
332 Fernando DM 83 4 (4) 2014-2017
46%
317 Hakim Ziyech RW 87 9 (11) 2020-2023
46%
244 Harry Kewell LW 121 15 (14) 2003-2008
46%
387 Hernán Crespo ST 64 24 (3) 2003-2004, 2005-2006
46%
469 Jurrien Timber RB 45 2 (4) 2023-2025
46%
485 Loris Karius GK 42 0 (0) 2016-2018
46%
113 Mathieu Flamini DM 210 10 (10) 2004-2008, 2013-2016
46%
466 Memphis Depay ST 45 5 (1) 2015-2017
46%
119 Micah Richards RB 205 6 (8) 2005-2014
46%
545 Myles Lewis-Skelly LB 33 1 (2) 2024-2025
46%
271 Naby Keïta CM 108 10 (7) 2018-2023
46%
101 Nacho Monreal LB 225 8 (17) 2012-2020
46%
442 Noussair Mazraoui RB 51 0 (3) 2024-2025
46%
524 Radamel Falcao ST 36 5 (5) 2014-2016
46%
580 Riccardo Calafiori LB 27 3 (2) 2024-2025
46%
235 Ryan Babel LW 125 20 (10) 2007-2011
46%
497 Teddy Sheringham ST 40 20 (6) 2000-2001
46%
189 Abou Diaby CM 150 18 (11) 2005-2014
43%
426 Amad Diallo RW 54 12 (11) 2020-2022, 2023-2025
43%
408 André Schürrle LW 58 13 (2) 2013-2015
43%
312 Ben Chilwell LB 91 9 (11) 2020-2024
43%
222 Chicharito ST 130 46 (11) 2010-2016
43%
882 David Datro Fofana ST 3 0 (0) 2022-2023
43%
153 Emile Heskey ST 180 46 (24) 2000-2004
43%
635 Filipe Luís LB 20 0 (1) 2014-2015
43%
256 Harvey Elliott AM 116 10 (17) 2019-2020, 2021-2025
43%
393 Jakub Kiwior CB 62 3 (3) 2022-2025
43%
234 Joleon Lescott CB 126 7 (4) 2009-2014
43%
369 Laurent Blanc CB 70 4 (1) 2001-2003
43%
499 Morgan Schneiderlin DM 40 1 (0) 2015-2017
43%
378 Nicolas Jackson ST 68 27 (10) 2023-2025
43%
255 Nigel de Jong DM 116 1 (1) 2008-2013
43%
660 Omar Marmoush ST 18 7 (2) 2024-2025
43%
643 Pablo Marí CB 19 1 (0) 2019-2022
43%
605 Scott Parker CM 24 1 (0) 2003-2005
43%
402 Shay Given GK 59 0 (0) 2008-2011
43%
898 Stephen Elliott ST 2 0 (0) 2003-2004
43%
360 Timo Werner LW 73 18 (17) 2020-2022
43%
539 Wesley Fofana CB 34 2 (0) 2022-2023, 2024-2025
43%
178 Yossi Benayoun RW 162 31 (18) 2007-2013
43%
338 Aaron Ramsdale GK 82 0 (0) 2021-2024
39%
540 Adrian Mutu LW 34 7 (9) 2003-2005
39%
464 Andy Carroll ST 46 6 (3) 2010-2013
39%
766 Angel Gomes AM 8 0 (0) 2016-2017, 2018-2020
39%
294 Callum Hudson-Odoi LW 98 11 (17) 2017-2022
39%
177 Carlo Cudicini GK 162 0 (0) 2000-2009
39%
526 Christian Benteke ST 36 10 (4) 2015-2016
39%
525 Claudio Bravo GK 36 0 (0) 2016-2018, 2019-2020
39%
274 Craig Bellamy LW 107 28 (19) 2006-2007, 2008-2010, 2011-2012
39%
690 Danny Drinkwater CM 15 1 (0) 2017-2018
39%
430 David Ospina GK 53 0 (0) 2014-2018
39%
223 Francis Coquelin DM 130 0 (1) 2011-2013, 2014-2018
39%
674 Gerard Piqué CB 16 2 (1) 2004-2006, 2007-2008
39%
192 Jimmy Floyd Hasselbaink ST 149 71 (34) 2000-2004
39%
307 José Antonio Reyes RW 93 18 (25) 2003-2006
39%
480 Joshua Zirkzee ST 43 5 (3) 2024-2025
39%
158 Kieran Gibbs LB 176 3 (12) 2008-2017
39%
302 Konstantinos Tsimikas LB 93 0 (15) 2020-2025
39%
691 Marcel Sabitzer CM 14 2 (1) 2022-2023
39%
301 Martín Demichelis CB 93 4 (1) 2013-2016
39%
412 Matheus Nunes CM 57 2 (13) 2023-2025
39%
298 Milan Baros ST 94 23 (11) 2001-2006
39%
733 Nathaniel Chalobah DM 10 0 (1) 2016-2017
39%
517 Owen Hargreaves DM 37 2 (2) 2007-2012
39%
411 Roy Carroll GK 57 0 (0) 2001-2005
39%
219 Ruben Loftus-Cheek CM 131 11 (13) 2014-2017, 2018-2023
39%
516 Savinho RW 38 2 (11) 2024-2025
39%
543 Sergio Romero GK 33 0 (0) 2015-2020
39%
346 Takehiro Tomiyasu RB 79 2 (6) 2021-2025
39%
368 Tammy Abraham ST 71 25 (9) 2015-2016, 2019-2021
39%
324 Trevoh Chalobah CB 85 5 (2) 2021-2025
39%
511 Tyrell Malacia LB 38 0 (0) 2022-2023, 2024-2025
39%
472 Willy Caballero GK 44 0 (0) 2014-2021
39%
783 Abdukodir Khusanov CB 7 0 (0) 2024-2025
36%
247 Alberto Moreno LB 119 3 (9) 2014-2019
36%
340 Alexis Mac Allister CM 82 13 (12) 2023-2025
36%
684 Armand Traoré LB 15 0 (1) 2007-2008, 2009-2010, 2011-2012
36%
859 Bebé LW 3 1 (0) 2010-2011
36%
714 Bertrand Traoré RW 12 2 (1) 2015-2016
36%
262 Bosingwa RB 114 3 (7) 2008-2012
36%
248 Djimi Traoré CB 119 1 (1) 2000-2001, 2002-2006
36%
445 Donny van de Beek CM 50 2 (1) 2020-2024
36%
199 Eddie Nketiah ST 143 25 (9) 2017-2024
36%
515 Fábio RB 38 1 (0) 2009-2012, 2013-2014
36%
754 Federico Chiesa RW 9 0 (1) 2024-2025
36%
377 Gabriel Heinze CB 68 1 (3) 2004-2007
36%
410 Gervinho LW 57 11 (12) 2011-2013
36%
521 João Félix CF 37 9 (1) 2022-2023, 2024-2025
36%
243 Kurt Zouma CB 121 7 (2) 2014-2017, 2019-2021
36%
111 Laurén RB 212 8 (7) 2000-2006
36%
460 Lukasz Fabianski GK 46 0 (1) 2007-2014
36%
507 Manuel Ugarte DM 39 2 (6) 2024-2025
36%
259 Marcel Desailly CB 114 5 (3) 2000-2004
36%
276 Martin Keown CB 105 2 (2) 2000-2004
36%
400 Martin Petrov LW 60 9 (14) 2007-2010
36%
413 Michy Batshuayi ST 56 11 (3) 2016-2018, 2019-2020
36%
496 Mikel Merino CM 40 9 (5) 2024-2025
36%
385 Mohamed Sissoko DM 65 1 (1) 2005-2008
36%
160 Paulo Ferreira RB 176 0 (5) 2004-2013
36%
224 Ray Parlour CM 129 6 (2) 2000-2004
36%
213 Thomas Vermaelen CB 133 14 (6) 2009-2014
36%
208 Vladimir Smicer AM 137 12 (27) 2000-2005
36%
386 Wataru Endo DM 64 2 (0) 2023-2025
36%
481 Wilfried Bony ST 43 9 (7) 2014-2016
36%
644 Abdul Rahman Baba LB 19 0 (2) 2015-2016
32%
793 Altay Bayındır GK 6 0 (0) 2024-2025
32%
495 Álvaro Negredo ST 40 14 (5) 2013-2014
32%
405 Andreas Pereira AM 58 3 (4) 2014-2016, 2018-2020
32%
680 Ben Foster GK 15 0 (0) 2007-2010
32%
533 Brandon Williams LB 35 1 (2) 2019-2021
32%
462 Carlos Vela RW 46 5 (1) 2008-2011
32%
366 Elano AM 71 16 (11) 2007-2009
32%
375 El-Hadji Diouf ST 68 3 (10) 2002-2004
32%
685 Gonzalo Higuaín ST 15 5 (0) 2018-2019
32%
962 Joel Pereira GK 1 0 (0) 2016-2017
32%
428 Kelechi Iheanacho ST 53 14 (4) 2015-2017
32%
561 Lassana Diarra DM 29 0 (1) 2005-2008
32%
419 Lee Dixon RB 55 2 (3) 2000-2002
32%
396 Levi Colwill CB 61 3 (2) 2023-2025
32%
877 Liam Delap ST 3 0 (0) 2020-2022
32%
818 Mame Diouf ST 5 1 (0) 2009-2010
32%
441 Marouane Chamakh ST 51 11 (5) 2010-2013
32%
308 Nathaniel Clyne RB 93 1 (4) 2015-2019
32%
639 Neco Williams RB 20 0 (2) 2019-2022
32%
946 Neto GK 1 0 (0) 2024-2025
32%
365 Noni Madueke RW 72 16 (8) 2022-2025
32%
489 Pedro Neto RW 41 5 (9) 2024-2025
32%
688 Rhys Williams CB 15 0 (0) 2020-2021
32%
51 Richard Dunne CB 309 7 (4) 2000-2010
32%
636 Stephan Lichtsteiner RB 20 0 (1) 2018-2019
32%
194 Stephen Ireland AM 149 19 (21) 2005-2010
32%
531 Stevan Jovetić CF 35 8 (5) 2013-2015
32%
381 Tom Cleverley CM 67 3 (4) 2011-2015
32%
896 Wilfried Zaha LW 2 0 (0) 2013-2014
32%
649 Alexander Büttner LB 19 2 (1) 2012-2014
29%
231 Alex Iwobi LW 126 14 (20) 2015-2019
29%
467 Alex Telles LB 45 1 (7) 2020-2022
29%
458 Anthony Elanga RW 47 4 (3) 2020-2023
29%
805 Ayden Heaven CB 5 0 (0) 2024-2025
29%
345 Conor Gallagher CM 80 8 (8) 2022-2024
29%
773 Danny Wilson CB 7 0 (0) 2010-2011
29%
487 Davide Zappacosta RM 41 2 (3) 2017-2019
29%
628 Fikayo Tomori CB 21 1 (1) 2015-2016, 2019-2021
29%
683 James Wilson ST 15 3 (0) 2013-2016
29%
532 Jari Litmanen AM 35 8 (2) 2000-2002
29%
902 Jerome Sinclair ST 2 0 (0) 2014-2015
29%
263 Joe Allen CM 113 5 (1) 2012-2016
29%
758 Lewis Hall LB 9 0 (0) 2022-2023
29%
341 Lucas Torreira DM 81 3 (5) 2018-2020
29%
388 Malo Gusto RB 64 0 (7) 2023-2025
29%
376 Mamadou Sakho CB 68 3 (0) 2013-2016
29%
549 Mark González LW 31 2 (0) 2006-2007
29%
538 Mateja Kežman ST 34 4 (2) 2004-2005
29%
397 Maxi Rodríguez LW 61 15 (4) 2009-2012
29%
718 Nico González CM 12 2 (0) 2024-2025
29%
632 Oscar Bobb RW 21 2 (1) 2023-2025
29%
654 Patrick Dorgu LB 19 0 (1) 2024-2025
29%
339 Philippe Senderos CB 82 4 (0) 2004-2008
29%
775 Scott Carson GK 7 0 (0) 2004-2005, 2020-2022
29%
647 Scott Sinclair LW 19 0 (0) 2006-2009, 2012-2013, 2014-2015
29%
703 Serge Gnabry LW 13 1 (0) 2012-2014
29%
585 Sofyan Amrabat DM 26 0 (0) 2023-2024
29%
692 Stefan Savic CB 14 1 (0) 2011-2012
29%
477 Tomasz Kuszczak GK 43 0 (0) 2006-2011
29%
328 Trevor Sinclair LW 84 5 (5) 2003-2007
29%
938 Víctor Valdés GK 2 0 (0) 2014-2015
29%
665 Adrián GK 18 0 (0) 2019-2021
25%
554 Armando Broja ST 31 2 (2) 2019-2020, 2022-2024
25%
603 Asmir Begovic GK 24 0 (0) 2015-2017
25%
479 Axel Disasi CB 43 4 (2) 2023-2025
25%
470 Benoît Badiashile CB 45 1 (1) 2022-2025
25%
431 Cédric Soares RB 52 2 (3) 2019-2024
25%
379 Dani Ceballos CM 67 1 (6) 2019-2021
25%
165 Danny Murphy CM 173 27 (32) 2000-2004
25%
337 David N'Gog ST 82 14 (6) 2008-2011
25%
594 Ed de Goey GK 25 0 (0) 2000-2003
25%
434 Eduardo ST 52 9 (14) 2007-2010
25%
427 Emerson LB 53 1 (4) 2017-2022
25%
283 Emile Smith Rowe AM 102 15 (13) 2018-2024
25%
759 Emmanuel Frimpong DM 9 0 (0) 2011-2012
25%
582 Eric Djemba Djemba DM 27 1 (1) 2003-2005
25%
534 Ethan Nwaneri RW 35 6 (2) 2022-2025
25%
362 Fabian Delph CM 73 4 (3) 2015-2019
25%
652 Facundo Pellistri RW 19 0 (1) 2022-2024
25%
588 Federico Macheda ST 26 4 (3) 2008-2013
25%
785 George Weah ST 7 1 (2) 2000-2001
25%
789 Giuseppe Rossi ST 6 1 (0) 2005-2006
25%
318 Jermaine Pennant RW 87 6 (13) 2001-2003, 2004-2005, 2006-2009
25%
486 Jon Flanagan RB 41 1 (2) 2010-2014, 2015-2016
25%
702 Juan Cuadrado RM 14 0 (0) 2014-2016
25%
560 Kalidou Koulibaly CB 30 2 (1) 2022-2023
25%
602 Kléberson CM 24 2 (5) 2003-2005
25%
610 Lazar Markovic RW 23 2 (1) 2014-2015
25%
756 Marko Marin AM 9 1 (1) 2012-2013
25%
357 Mattéo Guendouzi CM 74 1 (2) 2018-2020
25%
727 Nuri Şahin DM 11 1 (3) 2012-2013
25%
258 Nwankwo Kanu ST 114 15 (15) 2000-2004
25%
664 Odion Ighalo ST 18 2 (1) 2019-2021
25%
303 Quinton Fortune LB 93 5 (4) 2000-2005
25%
459 Ragnar Klavan CB 46 1 (0) 2016-2018
25%
326 Raúl Meireles CM 84 9 (10) 2010-2013
25%
354 Reiss Nelson RW 75 5 (6) 2017-2018, 2019-2025
25%
537 Ronny Johnsen CB 34 2 (0) 2000-2002
25%
351 Ross Barkley CM 76 7 (10) 2017-2022
25%
519 Ryan Bertrand LB 37 0 (1) 2010-2014
25%
395 Sokratis Papastathopoulos CB 61 5 (2) 2018-2020
25%
501 Takumi Minamino LW 39 4 (0) 2019-2022
25%
601 Timothy Fosu-Mensah RB 24 0 (1) 2015-2017, 2019-2021
25%
170 Wayne Bridge LB 165 3 (10) 2003-2005, 2006-2011
25%
494 Yuriy Zhirkov LM 40 1 (6) 2009-2011
25%
619 Alberto Aquilani CM 23 2 (6) 2009-2010
21%
315 Álvaro Arbeloa RB 88 2 (6) 2006-2009
21%
621 Anders Lindegaard GK 22 0 (0) 2011-2014
21%
522 Andriy Voronin CF 36 5 (5) 2007-2008, 2009-2010
21%
327 Boudewijn Zenden LW 84 6 (10) 2001-2003, 2005-2007
21%
288 Calum Chambers CB 99 3 (5) 2014-2018, 2019-2022
21%
502 Caoimhín Kelleher GK 39 0 (0) 2020-2025
21%
457 Christopher Nkunku ST 47 11 (5) 2023-2025
21%
500 Conor Bradley RB 40 1 (6) 2021-2022, 2023-2025
21%
816 Daniel Van Buyten CB 5 0 (0) 2003-2004
21%
483 Danilo CB 42 4 (1) 2017-2019
21%
555 David Bellion ST 30 5 (2) 2003-2005
21%
448 Denis Irwin LB 50 2 (1) 2000-2002
21%
518 Dennis Wise DM 37 3 (5) 2000-2001
21%
617 Djordje Petrovic GK 23 0 (0) 2023-2024
21%
592 Dominic Solanke ST 25 1 (1) 2014-2015, 2017-2018
21%
374 Eliaquim Mangala CB 69 0 (2) 2014-2016, 2017-2018
21%
252 Fábio Aurélio LB 117 4 (17) 2006-2012
21%
663 Filip Jørgensen GK 18 0 (0) 2024-2025
21%
436 Giovanni van Bronckhorst LB 52 2 (6) 2001-2003
21%
825 Jack Robinson CB 4 0 (0) 2009-2011, 2012-2013
21%
490 Jarell Quansah CB 41 3 (0) 2023-2025
21%
394 Joe Willock CM 61 7 (4) 2017-2021
21%
277 Johan Djourou CB 105 1 (4) 2005-2012
21%
569 Júlio Baptista AM 28 4 (2) 2006-2007
21%
837 Kerrea Gilbert RB 4 0 (0) 2005-2006, 2009-2010
21%
587 Kiernan Dewsbury-Hall CM 26 4 (4) 2024-2025
21%
701 Lucas Pérez ST 14 4 (2) 2016-2017
21%
878 Luke Chambers CB 3 0 (0) 2023-2024
21%
747 Marc Guiu ST 10 6 (0) 2024-2025
21%
778 Mark Schwarzer GK 7 0 (0) 2013-2014
21%
853 Mathew Ryan GK 3 0 (0) 2020-2021
21%
478 Matija Nastasić CB 43 0 (0) 2012-2014
21%
815 Matt Turner GK 5 0 (0) 2022-2023
21%
565 Rickie Lambert ST 29 3 (2) 2014-2015
21%
435 Robert Huth CB 52 0 (2) 2001-2006
21%
229 Rob Holding CB 127 4 (0) 2016-2023
21%
671 Roméo Lavia DM 17 0 (1) 2023-2025
21%
142 Steve Finnan RB 185 1 (18) 2003-2008
21%
504 Steve McManaman RM 39 0 (1) 2003-2005
21%
146 Sylvain Distin CB 182 5 (0) 2002-2007
21%
994 Tom Heaton GK 1 0 (0) 2021-2022
21%
675 Tore André Flo ST 16 3 (3) 2000-2001
21%
612 Wout Weghorst ST 23 1 (1) 2022-2023
21%
830 Zack Steffen GK 4 0 (0) 2020-2022
21%
629 Albert Ferrer RB 21 0 (0) 2000-2003
18%
709 Alexander Manninger GK 13 0 (0) 2000-2001
18%
550 Axel Tuanzebe RB 31 0 (0) 2016-2018, 2019-2021
18%
424 Carl Jenkinson RB 54 1 (4) 2011-2014, 2016-2017, 2018-2019
18%
641 Christian Poulsen DM 19 0 (0) 2010-2011
18%
618 Claudio Pizarro ST 23 2 (1) 2007-2008
18%
768 Costel Pantilimon GK 8 0 (0) 2013-2014
18%
633 Danny Ings ST 20 3 (1) 2015-2016, 2017-2018
18%
272 Darius Vassell ST 107 17 (12) 2005-2009
18%
782 David Pizarro CM 7 1 (2) 2011-2012
18%
753 Denis Zakaria DM 9 1 (0) 2022-2023
18%
286 Edú Gaspar CM 100 10 (5) 2000-2005
18%
541 Fabio Borini LW 34 2 (1) 2009-2010, 2012-2013, 2014-2015
18%
465 Fernando Morientes ST 46 9 (5) 2004-2006
18%
781 Folarin Balogun ST 7 2 (1) 2020-2022
18%
731 Franco Di Santo ST 11 0 (1) 2008-2009
18%
432 Gabriel Paulista CB 52 1 (1) 2014-2017
18%
744 Hannibal AM 10 1 (0) 2020-2022, 2023-2024
18%
700 Iago Aspas ST 14 0 (1) 2013-2014
18%
669 Ishmael Miller ST 17 0 (0) 2005-2007
18%
662 Jack Rodwell CB 18 2 (0) 2012-2014
18%
626 Jérôme Boateng CB 21 0 (0) 2010-2011
18%
336 José Enrique LB 82 2 (9) 2011-2015
18%
1059 Joshua King ST 1 0 (0) 2012-2013
18%
420 Kieran Richardson LB 55 3 (2) 2002-2003, 2004-2007
18%
767 Konstantinos Mavropanos CB 8 0 (0) 2017-2020
18%
711 Liam Miller CM 13 0 (1) 2004-2006
18%
506 Loïc Rémy ST 39 9 (1) 2014-2016
18%
716 Maicon RB 12 0 (0) 2012-2013
18%
414 Markus Babbel CB 56 4 (6) 2000-2003
18%
627 Mathieu Debuchy RB 21 2 (0) 2014-2018
18%
746 Nico O'Reilly AM 10 2 (0) 2024-2025
18%
620 Nolito LW 23 5 (3) 2016-2017
18%
330 Pascal Cygan CB 83 3 (0) 2002-2006
18%
446 Patrik Berger AM 50 3 (8) 2000-2003
18%
552 Sébastien Squillaci CB 31 2 (0) 2010-2013
18%
203 Stéphane Henchoz CB 140 0 (0) 2000-2004
18%
488 Sylvinho LB 41 4 (3) 2000-2001, 2009-2010
18%
471 Tiago Mendes CM 45 4 (3) 2004-2005
18%
640 Tyrique George LW 20 2 (3) 2024-2025
18%
615 Vito Mannone GK 23 0 (0) 2008-2010, 2011-2013
18%
930 Ádám Bogdán GK 2 0 (0) 2015-2016
14%
382 Albert Riera LM 67 5 (9) 2005-2006, 2008-2010
14%
551 Albert Sambi Lokonga CM 31 0 (0) 2021-2023
14%
651 Andreas Isaksson GK 19 0 (0) 2006-2008
14%
553 André Santos LB 31 3 (0) 2011-2013
14%
776 Angeliño LB 7 0 (0) 2019-2020
14%
708 Billy Gilmour DM 13 0 (0) 2019-2021
14%
583 Carney Chukwuemeka CM 27 1 (1) 2022-2025
14%
352 Celestine Babayaro LB 76 2 (8) 2000-2005
14%
906 Charlie Gilmour DM 2 0 (0) 2018-2019
14%
774 Chido Obi ST 7 0 (0) 2024-2025
14%
523 Chris Kirkland GK 36 0 (0) 2001-2005
14%
498 Darron Gibson CM 40 5 (5) 2008-2012
14%
779 David May CB 7 0 (0) 2000-2003
14%
245 Denílson DM 120 7 (10) 2006-2011
14%
844 Ethan Ampadu CB 4 0 (0) 2017-2019
14%
650 Gabriel Obertan RW 19 1 (2) 2009-2011
14%
563 Gustavo Poyet AM 29 11 (7) 2000-2001
14%
719 Ian Maatsen LB 12 0 (0) 2023-2024
14%
622 Igors Stepanovs CB 22 0 (0) 2000-2003
14%
965 Jérémie Boga LW 1 0 (0) 2017-2018
14%
293 Jesper Grønkjær LW 98 8 (13) 2000-2004
14%
211 Jihai Sun CB 134 3 (8) 2001-2008
14%
415 Jody Morris CM 56 0 (1) 2000-2003
14%
216 Joey Barton CM 133 15 (10) 2002-2007
14%
409 Jonjo Shelvey CM 58 6 (2) 2010-2013
14%
358 Juliano Belletti RB 74 5 (5) 2007-2010
14%
1025 Kieran Lee DM 1 0 (0) 2006-2007
14%
960 Lucas Piazón AM 1 0 (1) 2012-2013
14%
857 Marco van Ginkel CM 3 0 (0) 2013-2014
14%
215 Mario Melchiot RB 133 4 (7) 2000-2004
14%
777 Mark Bosnich GK 7 0 (0) 2001-2002
14%
751 Marko Grujić DM 9 0 (0) 2016-2018
14%
484 Martin Kelly RB 42 0 (1) 2008-2014
14%
614 Matthew Upson CB 23 0 (0) 2000-2002
14%
786 Nick Powell AM 6 1 (0) 2012-2013, 2015-2016
14%
316 Njitap Geremi RM 88 4 (5) 2003-2007
14%
624 Nuno Tavares LB 22 1 (1) 2021-2022
14%
705 Ozan Kabak CB 13 0 (0) 2020-2021
14%
591 Paddy McNair CB 25 0 (0) 2014-2016
14%
476 Paul Dickov ST 44 4 (4) 2000-2002, 2006-2007
14%
380 Paulo Wanchope ST 67 27 (18) 2000-2002, 2003-2004
14%
586 Quique de Lucas AM 26 1 (0) 2002-2003
14%
748 Roberto Di Matteo CM 9 0 (1) 2000-2001
14%
634 Roque Santa Cruz ST 20 3 (0) 2009-2011
14%
808 Rúnar Alex Rúnarsson GK 5 0 (0) 2020-2021
14%
681 Saúl Ñíguez CM 15 0 (0) 2021-2022
14%
361 Stewart Downing LM 73 4 (8) 2011-2013
14%
613 Stuart Taylor GK 23 0 (0) 2000-2003
14%
717 Tahith Chong AM 12 0 (2) 2018-2020
14%
535 Tiemoué Bakayoko DM 34 3 (3) 2017-2018
14%
942 Vitor Reis CB 1 0 (0) 2024-2025
14%
738 Winston Bogarde CB 10 0 (0) 2000-2001
14%
693 Yaya Sanogo ST 14 1 (1) 2013-2015
14%
689 Aly Cissokho CB 15 0 (1) 2013-2014
11%
860 Andy Morrison CB 3 0 (0) 2000-2001
11%
1001 Arthur Melo DM 1 0 (0) 2022-2023
11%
936 Ben Amos GK 2 0 (0) 2010-2012
11%
801 Ben Doak RW 6 0 (0) 2022-2024
11%
872 Ben Sahar ST 3 0 (0) 2006-2007
11%
795 Ben Woodburn AM 6 0 (0) 2016-2018
11%
678 Cesare Casadei CM 16 0 (0) 2023-2025
11%
598 Christian Ziege LM 25 1 (4) 2000-2001
11%
796 Danny Simpson RB 6 0 (1) 2007-2008
11%
910 David Bentley RM 2 0 (0) 2003-2004
11%
666 Dedryck Boyata CB 18 0 (0) 2009-2011, 2013-2015
11%
418 Emiliano Insúa LB 56 0 (4) 2006-2010
11%
897 Fangzhuo Dong ST 2 0 (0) 2006-2008
11%
463 Florent Sinama-Pongolle CF 46 6 (2) 2003-2006
11%
721 Gaël Kakuta AM 12 0 (1) 2009-2011
11%
359 Gary McAllister CM 73 7 (13) 2000-2002
11%
422 Georgios Samaras LW 55 8 (6) 2005-2008
11%
364 Gilles Grimandi DM 72 1 (3) 2000-2002
11%
638 Hatem Trabelsi RB 20 1 (1) 2006-2007
11%
590 Hilário GK 25 0 (0) 2006-2010, 2011-2012
11%
514 Jay Spearing DM 38 0 (2) 2008-2012
11%
802 Jeffrey Bruma CB 6 0 (0) 2009-2011
11%
556 Jérémie Aliadière ST 30 1 (0) 2001-2005, 2006-2007
11%
757 Jonathan Greening CM 9 0 (1) 2000-2001
11%
449 Jordon Ibe RW 49 2 (4) 2012-2016
11%
713 Josh Acheampong RB 12 0 (0) 2023-2025
11%
961 Karim Rekik CB 1 0 (0) 2012-2013
11%
658 Kenedy LW 18 1 (1) 2015-2017, 2021-2022
11%
661 Khalid Boulahrouz CB 18 0 (0) 2006-2007
11%
720 Lesley Ugochukwu DM 12 0 (0) 2023-2024
11%
558 Luke Chadwick AM 30 2 (3) 2000-2003
11%
739 Malang Sarr CB 10 0 (0) 2021-2022
11%
771 Maniche CM 8 0 (0) 2005-2006
11%
389 Mario Stanic RW 63 7 (4) 2000-2004
11%
1004 Mart Poom GK 1 0 (0) 2006-2007
11%
576 Mikael Forssell ST 27 4 (1) 2001-2002, 2004-2005
11%
694 Milan Jovanovic LW 14 1 (0) 2010-2011
11%
646 Nelson Vivas RB 19 0 (1) 2000-2001
11%
474 Nick Barmby LM 44 6 (4) 2000-2002
11%
443 Niclas Jensen LB 51 2 (4) 2001-2003
11%
952 Nico Yennaris DM 1 0 (0) 2011-2012
11%
589 Oriol Romeu DM 26 0 (0) 2011-2013
11%
742 Oussama Assaidi LW 10 0 (0) 2012-2013
11%
799 Patrick van Aanholt LB 6 0 (0) 2009-2011
11%
659 Paul Konchesky LB 18 0 (1) 2010-2011
11%
735 Phil Bardsley RB 10 0 (0) 2005-2006
11%
706 Raimond van der Gouw GK 13 0 (0) 2000-2002
11%
875 Ritchie De Laet RB 3 0 (0) 2008-2010
11%
881 Rodrigo Possebon CM 3 0 (0) 2008-2009
11%
679 Sebastián Coates CB 15 2 (1) 2011-2013
11%
726 Sergio Reguilón LB 11 0 (0) 2023-2024
11%
672 Stefan Bajcetic DM 17 1 (0) 2022-2024
11%
455 Stephen Warnock LB 48 1 (1) 2004-2007
11%
852 Steven Caulker CB 3 0 (0) 2015-2016
11%
508 Stuart Pearce LB 38 3 (5) 2001-2002
11%
655 Suso RW 18 0 (1) 2012-2013
11%
574 Tal Ben Haim CB 27 0 (0) 2007-2009
11%
528 Tosin Adarabioyo CB 35 2 (1) 2016-2018, 2024-2025
11%
512 Vedran Corluka CB 38 1 (2) 2007-2009
11%
959 Adam Morgan ST 1 0 (0) 2012-2013
7%
281 Ainsley Maitland-Niles RB 103 2 (7) 2014-2015, 2016-2022
7%
919 Alexandre Pato ST 2 1 (0) 2015-2016
7%
584 Andrea Dossena LM 26 2 (0) 2008-2010
7%
740 Andrey Kanchelskis RM 10 0 (2) 2000-2001
7%
986 Anthony Grant CM 1 0 (0) 2004-2005
7%
967 Arturo Lupoli ST 1 0 (0) 2005-2006
7%
566 Asier del Horno LB 29 1 (4) 2005-2006
7%
573 Benjani ST 27 6 (5) 2007-2010
7%
1041 Calvin Ramsay RB 1 0 (0) 2022-2023
7%
725 Cameron Borthwick-Jackson LB 11 0 (1) 2015-2016
7%
861 Charly Musonda Jr. LW 3 0 (1) 2017-2018
7%
762 Chris Eagles RW 8 1 (0) 2004-2005, 2006-2008
7%
743 Christian Panucci RB 10 1 (0) 2000-2001
7%
342 Claudio Reyna CM 81 4 (1) 2003-2007
7%
839 Danny Pugh LB 4 0 (0) 2002-2003
7%
900 Danny Ward GK 2 0 (0) 2015-2016
7%
1027 Di'Shon Bernard CB 1 0 (0) 2019-2020
7%
1028 D'Mani Mellor ST 1 0 (0) 2019-2020
7%
899 Donald Love RB 2 0 (0) 2015-2016
7%
562 Francis Jeffers ST 29 4 (2) 2001-2003
7%
581 Frank Leboeuf CB 27 0 (0) 2000-2001
7%
780 Fran Mérida CM 7 1 (0) 2008-2010
7%
1017 Gavin Hoyte RB 1 0 (0) 2008-2009
7%
344 Graeme Le Saux LB 80 3 (16) 2000-2003
7%
760 Guillermo Varela RB 8 0 (1) 2015-2016
7%
873 Henri Lansbury CM 3 0 (0) 2009-2010, 2011-2012
7%
800 Ignasi Miquel CB 6 0 (0) 2011-2013
7%
304 Igor Biscan DM 93 2 (2) 2000-2005
7%
608 James McAtee AM 24 4 (0) 2021-2022, 2023-2025
7%
974 James Weir CM 1 0 (0) 2015-2016
7%
835 John Lukic GK 4 0 (0) 2000-2001
7%
832 Jonathan Spector CB 4 0 (0) 2004-2005
7%
917 Junichi Inamoto DM 2 0 (0) 2001-2002
7%
491 Justin Hoyte RB 41 1 (0) 2002-2005, 2006-2008
7%
880 Kaide Gordon RW 3 0 (0) 2021-2022, 2023-2024
7%
1062 Kiano Dyer CM 1 0 (0) 2024-2025
7%
870 Kim Källström CM 3 0 (0) 2013-2014
7%
955 Lee Grant GK 1 0 (0) 2019-2020
7%
749 Luis Alberto AM 9 0 (1) 2013-2014
7%
1043 Manucho ST 1 0 (1) 2008-2009
7%
529 Marc-Vivien Foé DM 35 9 (0) 2002-2003
7%
813 Michael Mancienne CB 5 0 (0) 2008-2009
7%
847 Miroslav Stoch LW 4 0 (0) 2008-2009
7%
284 Nedum Onuoha CB 101 4 (3) 2004-2010, 2011-2012
7%
698 Neil Mellor ST 14 3 (1) 2002-2003, 2004-2005
7%
335 Nicky Weaver GK 82 0 (0) 2000-2002, 2004-2005, 2006-2007
7%
371 Oleg Luzhnyi RB 69 0 (3) 2000-2003
7%
1055 Omari Hutchinson AM 1 0 (0) 2022-2023
7%
855 Paolo Vernazza CM 3 1 (0) 2000-2001
7%
1014 Paul Rachubka GK 1 0 (0) 2000-2001
7%
763 Philipp Degen RB 8 0 (0) 2009-2010
7%
865 Rati Aleksidze ST 3 0 (0) 2000-2001
7%
710 Renato Veiga CB 13 2 (1) 2024-2025
7%
812 Ricardo GK 5 0 (0) 2002-2003
7%
846 Ricardo Quaresma RW 4 0 (0) 2008-2009
7%
737 Ross Turnbull GK 10 0 (0) 2009-2013
7%
895 Ryo Miyaichi RW 2 0 (0) 2013-2014
7%
814 Sam Hutchinson DM 5 0 (1) 2006-2007, 2009-2010, 2011-2012
7%
407 Samuele Dalla Bona CM 58 6 (3) 2000-2002
7%
437 Sander Westerveld GK 52 0 (0) 2000-2002
7%
299 Shaun Goater ST 94 41 (11) 2000-2003
7%
482 Sotiris Kyrgiakos CB 43 3 (3) 2009-2011
7%
429 Stephen Jordan CB 53 0 (0) 2002-2007
7%
673 Steve Sidwell CM 16 0 (1) 2007-2008
7%
925 Tommy Doyle CM 2 0 (0) 2019-2021
7%
712 Tony Grant DM 13 0 (0) 2000-2002
7%
723 Tyler Blackett CB 11 0 (0) 2014-2015
7%
728 Valeri Bozhinov ST 11 1 (1) 2007-2009
7%
1020 Vitezslav Jaros GK 1 0 (0) 2024-2025
7%
926 Zoran Tosic RW 2 0 (0) 2008-2009
7%
807 Abdul Razak CM 5 0 (0) 2010-2013
4%
648 Abel Xavier RB 19 2 (2) 2001-2003
4%
630 Aleksey Smertin DM 21 1 (2) 2004-2005
4%
892 Alex Nimely ST 2 0 (0) 2009-2011
4%
367 Ali Benarbia AM 71 11 (19) 2001-2003
4%
990 Amaury Bischoff CM 1 0 (0) 2008-2009
4%
656 Andre Wisdom RB 18 1 (1) 2012-2014
4%
885 Andy Goram GK 2 0 (0) 2000-2001
4%
606 Anthony Le Tallec ST 24 1 (2) 2003-2005
4%
843 Bernard Diomède LW 4 0 (0) 2000-2001
4%
1034 Bernard Lambourde CB 1 0 (0) 2000-2001
4%
970 Bersant Celina AM 1 0 (1) 2015-2016
4%
769 Bobby Clark CM 8 1 (1) 2022-2024
4%
503 Bruno Cheyrou CM 39 3 (0) 2002-2004
4%
809 Cameron Brannagan CM 5 0 (0) 2015-2016
4%
513 Carlo Nash GK 38 0 (1) 2000-2003
4%
1051 Charlie Savage CM 1 0 (0) 2021-2022
4%
828 Chuba Akpom ST 4 0 (0) 2013-2015
4%
1065 Claudio Echeverri AM 1 0 (0) 2024-2025
4%
867 Connor Randall RB 3 0 (0) 2015-2016
4%
894 Conor Coady CB 2 0 (0) 2012-2013
4%
820 Craig Eastmond CM 5 0 (0) 2009-2011
4%
657 DaMarcus Beasley LB 18 3 (1) 2006-2007
4%
821 Daniel Ayala CB 5 0 (0) 2009-2010
4%
1056 Daniel Gore CM 1 0 (0) 2023-2024
4%
704 Dani Pacheco DM 13 0 (1) 2009-2011, 2012-2013
4%
527 Danny Granville LB 35 1 (4) 2000-2002
4%
447 Danny Mills RB 50 1 (2) 2004-2007
4%
313 Danny Tiatto LB 90 3 (8) 2000-2004
4%
370 Darren Huckerby ST 69 22 (13) 2000-2003
4%
831 Darren Potter CM 4 0 (0) 2004-2006
4%
956 David Healy ST 1 0 (0) 2000-2001
4%
765 Djamel Belmadi RM 8 0 (0) 2002-2003
4%
829 Doni GK 4 0 (0) 2011-2012
4%
1002 Émerson Thome CB 1 0 (0) 2000-2001
4%
593 Emile Mpenza ST 25 5 (2) 2006-2008
4%
883 Ethan Wheatley ST 3 0 (0) 2023-2024
4%
416 Eyal Berkovic AM 56 7 (6) 2001-2004
4%
969 Gedion Zelalem DM 1 0 (0) 2014-2015
4%
372 Gerard Wiekens CB 69 2 (1) 2000-2003
4%
687 Grégory Vignal LB 15 0 (0) 2000-2003
4%
972 Gunnar Nielsen GK 1 0 (0) 2009-2010
4%
798 James Garner DM 6 0 (1) 2018-2020
4%
784 James McConnell CM 7 0 (0) 2023-2025
4%
794 Jamie Redknapp CM 6 1 (0) 2001-2002
4%
682 Javier Manquillo RB 15 0 (1) 2014-2015
4%
905 Jay Emmanuel-Thomas AM 2 0 (0) 2010-2011
4%
544 Jeff Whitley DM 33 1 (4) 2000-2002
4%
695 Jiri Jarosik CB 14 0 (0) 2004-2005
4%
854 João Carlos Teixeira AM 3 0 (0) 2013-2014, 2015-2016
4%
741 Jon Harley LB 10 0 (0) 2000-2001
4%
439 Jon Macken ST 52 7 (2) 2001-2005
4%
833 Jordan Rossiter DM 4 0 (0) 2015-2016
4%
863 José Pozo AM 3 0 (0) 2014-2015
4%
982 Josh Harrop AM 1 1 (0) 2016-2017
4%
667 Josh McEachran CM 17 0 (0) 2010-2012
4%
1044 Kayky RW 1 0 (0) 2021-2022
4%
320 Kevin Horlock DM 86 9 (7) 2000-2003
4%
724 Kevin Stewart DM 11 0 (0) 2015-2017
4%
909 Lenny Pidgeley GK 2 0 (0) 2004-2006
4%
1013 Leon Knight ST 1 0 (0) 2001-2002
4%
998 Mads Timm CF 1 0 (0) 2002-2003
4%
595 Mark Kennedy LM 25 0 (6) 2000-2001
4%
874 Mark Randall CM 3 0 (0) 2007-2009
4%
848 Marquinhos RW 4 1 (1) 2022-2023
4%
862 Márton Fülöp GK 3 0 (0) 2009-2010
4%
1035 Mateusz Musialowski AM 1 0 (0) 2023-2024
4%
866 Matt Mills CB 3 0 (0) 2005-2007
4%
722 Mauricio Pellegrino CB 12 0 (0) 2004-2005
4%
752 Michael Stewart CM 9 0 (0) 2000-2003
4%
536 Michael Tarnat LB 34 3 (6) 2003-2004
4%
991 Mikkel Bischoff CB 1 0 (0) 2002-2003
4%
596 Nabil El Zhar RW 25 0 (1) 2006-2007, 2008-2010
4%
934 Nathan Butler-Oyedeji ST 2 0 (0) 2024-2025
4%
864 Ola Aina RB 3 0 (0) 2016-2017
4%
976 Pablo Maffeo RB 1 0 (0) 2016-2017
4%
417 Paul Bosvelt DM 56 2 (1) 2003-2005
4%
903 Pedro Chirivella DM 2 0 (0) 2015-2016
4%
911 Pegguy Arphexad GK 2 0 (0) 2001-2002
4%
734 Quincy Owusu-Abeyie LW 10 0 (0) 2004-2006
4%
811 Rami Shaaban GK 5 0 (0) 2002-2003
4%
889 Reggie Walsh CM 2 0 (0) 2024-2025
4%
937 Richard Eckersley RB 2 0 (0) 2008-2009
4%
668 Richard Edghill RB 17 0 (2) 2000-2002
4%
642 Rolando Bianchi ST 19 4 (1) 2007-2008
4%
697 Ronnie Wallwork CM 14 0 (0) 2000-2002
4%
989 Ryan Garry CB 1 0 (0) 2002-2003
4%
450 Salif Diao DM 49 2 (2) 2002-2005
4%
1039 Sam Williamson LB 1 0 (0) 2007-2008
4%
893 Scott Wootton CB 2 0 (0) 2012-2013
4%
1057 Shea Charles DM 1 0 (0) 2022-2023
4%
761 Sheyi Ojo RW 8 0 (3) 2015-2016
4%
790 Simon Colosimo CB 6 0 (0) 2001-2002
4%
493 Slavisa Jokanovic DM 41 0 (1) 2000-2002
4%
625 Spencer Prior CB 21 1 (0) 2000-2001
4%
988 Stathis Tavlaridis CB 1 0 (0) 2002-2003
4%
1060 Stefan Malz LB 1 0 (0) 2000-2001
4%
297 Steve Howey CB 94 11 (1) 2000-2003
4%
1024 Tariq Lamptey RB 1 0 (0) 2019-2020
4%
745 Toby Collyer DM 10 0 (0) 2024-2025
4%
922 Tomas Danilevičius ST 2 0 (0) 2000-2001
4%
858 Tomas Kalas CB 3 0 (0) 2013-2014
4%
971 Tom Lawrence AM 1 0 (0) 2013-2014
4%
954 Tom Thorpe CB 1 0 (0) 2014-2015
4%
944 Trey Nyoni CM 1 0 (0) 2024-2025
4%
817 Tyler Morton DM 5 0 (0) 2021-2022, 2024-2025
4%
1061 Vladimír Weiss LW 1 0 (0) 2008-2009
4%
770 Willy Kambwala CB 8 0 (0) 2023-2024
4%
1052 Zidane Iqbal CM 1 0 (0) 2021-2022
4%
912 Alexis Nicolas DM 2 0 (0) 2003-2004
0%
1047 Alex Matos CM 1 0 (0) 2023-2024
0%
732 Alfie Gilchrist RB 11 1 (0) 2023-2024
0%
945 Amara Nallo CB 1 0 (0) 2024-2025
0%
306 Antoine Sibierski AM 93 12 (6) 2003-2006
0%
943 Ato Ampah RW 1 0 (0) 2024-2025
0%
1018 Ben Cottrell CM 1 0 (0) 2020-2021
0%
983 Ben Sheaf DM 1 0 (0) 2017-2018
0%
456 Ben Thatcher LB 47 0 (0) 2004-2007
0%
597 Bernardo Corradi ST 25 3 (3) 2006-2007
0%
1053 Billy Koumetio CB 1 0 (0) 2020-2021
0%
1003 Bojan Djordjic LW 1 0 (0) 2000-2001
0%
939 Calum Scanlon LB 2 0 (0) 2023-2024
0%
1038 Charlie McNeill ST 1 0 (0) 2022-2023
0%
948 Chris Chantler LB 1 0 (0) 2010-2011
0%
871 Chris Killen ST 3 0 (0) 2001-2002
0%
822 Chris Shuker RM 5 0 (0) 2001-2003
0%
797 Christian Negouai DM 6 1 (0) 2001-2002, 2004-2005
0%
932 CJ Egan-Riley CB 2 0 (0) 2021-2022
0%
876 Damien Plessis DM 3 0 (0) 2007-2009
0%
979 Daniele Padelli GK 1 0 (0) 2006-2007
0%
996 Daniel Nardiello ST 1 0 (0) 2002-2003
0%
1015 Danny Allsopp ST 1 0 (0) 2000-2001
0%
827 Danny Guthrie CM 4 0 (0) 2006-2007
0%
999 Danny Webber ST 1 0 (0) 2002-2003
0%
980 David Raven RB 1 0 (0) 2004-2005
0%
438 David Sommeil CB 52 4 (1) 2002-2006
0%
888 Deivid Washington ST 2 0 (0) 2023-2024
0%
977 Demetri Mitchell AM 1 0 (0) 2016-2017
0%
715 Dickson Etuhu DM 12 0 (0) 2001-2002
0%
928 Diego Cavalieri GK 2 0 (0) 2008-2010
0%
1046 Divin Mubama ST 1 0 (0) 2024-2025
0%
1021 Dylan Levitt CM 1 0 (0) 2019-2020
0%
842 Egil Østenstad ST 4 0 (0) 2000-2001
0%
879 Erik Meijer ST 3 0 (0) 2000-2001
0%
1016 Ethan Galbraith CM 1 0 (0) 2019-2020
0%
927 Ethan Laird RB 2 0 (0) 2019-2020
0%
1012 Felix Nmecha CM 1 0 (1) 2020-2021
0%
791 Filipe Oliveira RW 6 0 (0) 2002-2005
0%
810 Gabriel Paletta CB 5 0 (0) 2006-2007
0%
886 Genesis Antwi RB 2 0 (0) 2024-2025
0%
653 Geovanni AM 19 3 (1) 2007-2008
0%
1031 Gilles Sunu RW 1 0 (0) 2009-2010
0%
1005 Gláuber CB 1 0 (0) 2008-2009
0%
890 Greg Cunningham CB 2 0 (0) 2009-2010
0%
1064 Harrison Murray-Campbell CB 1 0 (0) 2024-2025
0%
772 Harry Amass LB 7 0 (0) 2024-2025
0%
736 Ian Bishop CM 10 0 (0) 2000-2001
0%
914 Jack Hobbs CB 2 0 (0) 2007-2008
0%
1022 Jacob Mellis CM 1 0 (0) 2010-2011
0%
851 Jahmai Simpson-Pusey CB 4 0 (0) 2024-2025
0%
985 Jake Clarke-Salter CB 1 0 (0) 2015-2016
0%
699 Jan Kromkamp RB 14 0 (1) 2005-2007
0%
406 Javier Garrido LB 58 2 (3) 2007-2010
0%
823 Jayden Danns ST 5 0 (0) 2023-2025
0%
953 Jernade Meade LB 1 0 (0) 2012-2013
0%
1050 Jimi Tauriainen CM 1 0 (0) 2023-2024
0%
908 Joe Keenan LB 2 0 (0) 2001-2003
0%
984 Joel Kitamirike CB 1 0 (0) 2001-2002
0%
1008 Joe Riley CM 1 0 (0) 2015-2016
0%
963 John Swift AM 1 0 (0) 2013-2014
0%
792 John Welsh CM 6 0 (0) 2003-2005
0%
841 Jon Otsemobor RB 4 0 (0) 2003-2004
0%
567 Josemi CB 29 0 (0) 2004-2006
0%
931 Josh Wilson-Esbrand LB 2 0 (0) 2022-2023
0%
730 Kelvin Etuhu DM 11 1 (1) 2007-2009
0%
838 Kevin Stuhr-Ellegaard GK 4 0 (0) 2003-2004
0%
492 Kiki Musampa LW 41 3 (0) 2004-2006
0%
1048 Kyle Bartley CB 1 0 (0) 2009-2010
0%
1026 Largie Ramazani LW 1 0 (0) 2019-2020
0%
609 Laurent Charvet RB 23 0 (3) 2000-2002
0%
570 Lee Croft RM 28 1 (1) 2004-2006
0%
901 Lee Crooks CB 2 0 (0) 2000-2001
0%
1006 Lee Peltier RB 1 0 (0) 2006-2007
0%
916 Lee Roche RB 2 0 (0) 2002-2003
0%
1019 Leighton Clarkson DM 1 0 (0) 2020-2021
0%
578 Lucién Mettomo CB 27 1 (0) 2001-2003
0%
907 Lukas Nmecha ST 2 0 (0) 2017-2018
0%
1037 Luke Mbete CB 1 0 (0) 2021-2022
0%
1058 Mahamadou Susoho DM 1 0 (0) 2023-2024
0%
729 Marco Ambrosio GK 11 0 (0) 2003-2004
0%
915 Marcus McGuane DM 2 0 (0) 2017-2018
0%
997 Mark Lynch RB 1 0 (0) 2002-2003
0%
951 Martin Angha CB 1 0 (0) 2012-2013
0%
940 Mason Burstow ST 2 0 (0) 2023-2024
0%
884 Mathis Amougou CM 2 0 (0) 2024-2025
0%
966 Matt Macey GK 1 0 (0) 2017-2018
0%
904 Matt Miazga CB 2 0 (0) 2015-2016
0%
1045 Máximo Perrone DM 1 0 (0) 2022-2023
0%
1054 Max Woltman ST 1 0 (0) 2021-2022
0%
935 Micah Hamilton LW 2 1 (1) 2023-2024
0%
1029 Miguel Azeez CM 1 0 (0) 2020-2021
0%
992 Miki Roqué CB 1 0 (0) 2006-2007
0%
995 Mineiro DM 1 0 (0) 2008-2009
0%
803 Nathan Eccleston ST 6 0 (0) 2009-2011
0%
845 Neil Sullivan GK 4 0 (0) 2003-2004
0%
804 Nery Castillo RW 6 0 (0) 2007-2008
0%
806 Nuno Morais DM 5 0 (0) 2004-2005, 2006-2007
0%
849 Omari Forson RW 4 0 (1) 2023-2024
0%
707 Ousmane Dabo DM 13 0 (0) 2006-2007
0%
913 Ovie Ejaria LM 2 0 (0) 2016-2017
0%
1000 Patrice Luzi GK 1 0 (0) 2003-2004
0%
637 Paul Ritchie CB 20 0 (0) 2000-2002
0%
1011 Rafael Camacho RW 1 0 (0) 2018-2019
0%
950 Reece Wabara RB 1 0 (0) 2010-2011
0%
993 Regan Poole CB 1 0 (0) 2015-2016
0%
1040 Ryan McGivern CB 1 0 (0) 2010-2011
0%
850 Sam Rak-Sakyi DM 4 0 (0) 2024-2025
0%
1009 Sebastián Leto LW 1 0 (0) 2007-2008
0%
975 Sergi Canós LW 1 0 (0) 2015-2016
0%
1036 Shay Logan RB 1 0 (0) 2008-2009
0%
819 Shola Shoretire LW 5 0 (0) 2020-2022
0%
824 Shumaira Mheuka ST 5 0 (0) 2024-2025
0%
981 Stefan O'Connor CB 1 0 (0) 2014-2015
0%
868 Stephen Darby RB 3 0 (0) 2008-2010
0%
987 Steven Watt CB 1 0 (0) 2004-2005
0%
920 Steve Staunton LB 2 0 (0) 2000-2001
0%
1023 Taylor Harwood-Bellis CB 1 0 (0) 2019-2020
0%
929 Teden Mengi CB 2 0 (0) 2019-2020, 2021-2022
0%
1030 Terry Dunfield CM 1 0 (0) 2000-2001
0%
1049 Thomas Cruise LB 1 0 (0) 2009-2010
0%
924 Tino Anjorin AM 2 0 (0) 2019-2021
0%
941 Tyler Fredricson CB 2 0 (0) 2024-2025
0%
957 Tyrone Mears RB 1 0 (0) 2001-2002
0%
840 Vegard Heggem RB 4 0 (0) 2000-2001
0%
1042 Will Fish CB 1 0 (0) 2020-2021
0%
696 Willo Flood CM 14 1 (0) 2004-2006
0%
921 Zech Medley CB 2 0 (0) 2018-2019
0%
856 Zeki Fryers LB 3 0 (0) 2011-2012
0%
No matching quizzes found
Score Distribution
Percent of People with Each Score
Percentile by Number Answered
Your Score History
You have not taken this quiz since the last reset